00271nam a2200121Ia 4500008004100000100001500041245003000056260001800086300000900104650001400113942000700127999001500134190216s9999||||xx |||||||||||||| ||und|| aSkaria P P 0aDhana Sasthra Thathuangal bVrindavan Pub a304p aEconomics cBK c9831d9831